Jennie - ExtraL (with Doechii) (Lyrics) - Statistics

General Stats
  • This quiz has been taken 251 times
    218 since last reset
  • The average score is 334 of 468
Answer Stats
Lyrics % Correct
Do
98%
do
98%
(Do
98%
my,
97%
my
97%
this,
96%
this?
96%
This
96%
this?)
96%
this
96%
a
95%
ladies
95%
run
95%
Run
95%
I
92%
the
92%
the?
92%
(Yo,
92%
you
92%
You
92%
shit
91%
no
90%
no,
90%
for
88%
extra
87%
Extra
87%
large,
86%
your
86%
on
84%
me
83%
(Yeah)
83%
(Yeah,
83%
yeah,
83%
yeah)
83%
yeah
83%
Yeah,
83%
and
82%
at
82%
Not
82%
not
82%
in
81%
In
81%
of
81%
to
81%
All
80%
girls
80%
so
80%
money
79%
Money
79%
Doechii
78%
they
78%
Attitude,
76%
cars
76%
got
76%
down
75%
down,
75%
foreign
75%
Pop
75%
'round,
75%
stars
75%
stars,
75%
right
74%
starin'
74%
Big
73%
own
73%
moves,
72%
only
72%
start
72%
"Fuck
69%
don't
67%
Gimme
67%
gimme
67%
purr,
65%
Top
65%
top
65%
with
65%
good
64%
looking
64%
rules,"
64%
as
63%
fundin'
63%
let
63%
Ridin'
63%
serve,
63%
room
62%
set
61%
bitch,
60%
cunt,
60%
nothing
60%
vibe
60%
Walk
60%
meow,
59%
that
59%
her,
58%
Said,
58%
we
58%
damn
57%
it's
57%
close
56%
gate
56%
out,
55%
through
55%
city,
54%
Get
53%
is
53%
funds
52%
them
52%
enter,
51%
last
51%
us
51%
pic,
50%
sponsor,
50%
ask
49%
charge
49%
long
49%
rights,
49%
Soon
49%
Wait
49%
work
49%
Work,
49%
work,
49%
hurt
47%
I'm
47%
mood,
47%
T-shirt
47%
Whole
47%
who's
47%
far
46%
gassin'
46%
Lemme,
46%
lemme
46%
scared
45%
team,
45%
chi,
44%
too
44%
ain't
43%
dirt
43%
dirt,
43%
might
43%
it'll
42%
men
42%
wet
42%
charts
41%
even
41%
motorcade
41%
nerve,
41%
sit
41%
sweat
41%
fight,
40%
hard,
40%
reason
38%
keys
37%
Knock
36%
Benz
35%
here
35%
'em
34%
pleasin'
32%
doors
31%
Hit
31%
Miss
31%
stupid,
31%
'cause
30%
jackpot,
30%
sir
30%
boardroom
29%
bored
29%
chain,
29%
chain
29%
what
29%
can't
28%
Can't
28%
now
28%
new
27%
passion
27%
food
26%
him
25%
rrr
25%
(Rrr)
25%
thing,
25%
old
20%
residental,
19%
still
19%
Presidental
18%
tame
18%
up,
18%
keep
17%
happened
16%
lappin'
15%
whip
15%
bussin'
14%
hopped
13%
Misbehaved,
13%
(Incoming)
11%
Push-My-Pen
10%
(Aw,
1%
ha-ha-ha-ha)
0%
No matching quizzes found
Score Distribution
Percent of People with Each Score
Percentile by Number Answered
Your Score History
You have not taken this quiz since the last reset